Romanian Political Parties - Statistics

General Stats
  • This quiz has been taken 134 times
    45 since last reset
  • The average score is 6 of 9
Answer Stats
Ideology Position Seats Answer % Correct
Social democracySocial conservatism Centre left 130 Social Democratic
100%
Liberal conservatism Christian democracy Centre right 79 National Liberal
97%
National conservatism Christian right Right-wing populism Right wing to far right 91 Alliance for the Union of Romanians
92%
Liberalism Pro-Europeanism Centre to centre right 61 Save Romania Union
84%
Hungarian minority interestsSocial conservatism Pro-Europeanism Centre right 34 Democratic Alliance of Hungarians
82%
Romanian nationalismRomanian - Moldovan unionism Right-wing populism Social conservatism Hard Euroscepticism Russophilia Far right 18 SOS Romania
74%
Romanian nationalismRight-wing populism National conservatism Christian right Far right 10 Party of Young People
61%
SovereignismPro-Europeanism Right wing 21 PEACE - Romania First
21%
CentrismSocial Conservatism Centre 4 Social Liberal Humanist
13%
No matching quizzes found
Score Distribution
Percent of People with Each Score
Percentile by Number Answered
Your Score History
You have not taken this quiz since the last reset